Loading...
Philosophy | 0 | 5 | 1 | 2 | 45 | 40 | 94.20 | 0 | 1 |
Fine Arts - Other Fine Arts | 0 | 3 | 0 | 1 | 30 | 97 | 116.00 | 0 | 1 |
Literature - American Literature | 0 | 2 | 0 | 0 | 20 | 99 | 110.00 | 0 | 0 |
Social Science | 0 | 2 | 1 | 0 | 15 | 77 | 78.50 | 0 | 0 |
History - World History | 0 | 2 | 1 | 0 | 15 | 59 | 70.50 | 0 | 1 |
Fine Arts - Classical Music | 0 | 1 | 0 | 0 | 10 | 92 | 92.00 | 0 | 0 |
Science - Physics | 0 | 1 | 0 | 1 | 10 | 122 | 122.00 | 0 | 0 |
Literature - World/Other Literature | 0 | 1 | 0 | 0 | 10 | 94 | 94.00 | 0 | 1 |
Fine Arts - Visual Fine Arts | 0 | 1 | 0 | 1 | 10 | 136 | 136.00 | 0 | 0 |
History - American History | 0 | 1 | 0 | 0 | 10 | 70 | 70.00 | 0 | 0 |
History - Other History | 0 | 1 | 1 | 0 | 5 | 38 | 38.00 | 1 | 1 |
Religion | 0 | 1 | 1 | 0 | 5 | 66 | 66.00 | 1 | 1 |
Science - Biology | 0 | 0 | 1 | 0 | -5 | 0.00 | 0 | 0 |